| 000 | 01014nas a2200325 4500 | ||
|---|---|---|---|
| 001 | BR0800170 | ||
| 003 | BR-BrBNA | ||
| 005 | 20231205111458.0 | ||
| 007 | ta | ||
| 008 | 230509b bl.|||p| |||| 00| 00por d | ||
| 040 |
_aBR-BrBNA _bpor _cBiblioteca Nacional de Agricultura |
||
| 041 | _a(Pt) | ||
| 072 | _aM40; U30 | ||
| 100 | 1 | _aAlves, L.F.A. | |
| 100 | 1 | _aAlves, S.B. | |
| 100 | 1 | _aAugusto, N.T. | |
| 245 | 1 | _aSeleção de inerte e adjuvante visando a elaboração de formulação granulada de Bacillus Sphaericus Neide | |
| 650 | _aBIOLOGIA | ||
| 650 | _aMÉTODO DE PESQUISA | ||
| 650 | _aCONTROLE BIOLÓGICO | ||
| 650 | _aBACILLUS SPHAERICUS NEIDE | ||
| 650 | _aFORMULAÇÃO | ||
| 650 | _aGRÂNULO | ||
| 650 | _aPERNILONGO | ||
| 650 | _aCULEX QUINQUEFASCIATUS | ||
| 650 | _aSUBSTRATO DE CULTURA | ||
| 773 | 0 |
_tArquivos do Instituto Biológico (Brazil) _xISSN 0020-3653 _g(Jan-Jun 1999), v. 66(1) p. 77-81 _wBR0800170 |
|
| 909 |
_a202311 _bLúcia _c55 _dLúcia Elande |
||
| 942 |
_2AGRIS _n0 _cANA |
||
| 999 |
_c192968 _d192968 |
||